000
00284nam a22001337a 4500
008
181203b xxu||||| |||| 00| 0 eng d
020
_a
9781133587552
041
_a
eng
080
_2
3rd
_a
573
100
_a
11
101
_a
BIO
245
_a
Biology
_c
Russell,H.M
942
_2
udc
_c
BK
999
_c
52746
_d
52746